00242nam a2200097Ia 4500008004100000082001300041100001400054245004200068260002600110300000800136150301s2006 xx 000 0 und d a644bSIN aSINGH, RK aMODERN TRENDS IN HOSPITALITY INDUSTRY bAMAN PUB. DELHIc2006 a265